000 00691nam a2200229Ia 4500
003 OSt
005 20220923214009.0
006 a|||||r|||| 00| 0
007 ta
008 220922b |||||||| |||| 00| 0 hin d
024 _a166,317
037 _cTextual
040 _aARTS
_cARTS
_bhin
041 _2hin
_ahin
082 _aO152:1J32:9, J5;1
100 _aशर्मा, यज्ञदत्त
245 0 _aतुलसी साहित्य और सिद्वान्त
246 _aTulasī sāhitya aur sidvānta
260 _c1955
942 _hO152:1J32:9, J5;1
_cTEXL
_2CC
999 _c320796
_d320796